All Love Island USA Contestants - Statistics

General Stats
  • This quiz has been taken 23 times
  • The average score is 88 of 219
Answer Stats
Season Islanders % Correct
Olandria Carthen
88%
Huda Mustafa
82%
Nic Birchall
82%
Nicolas "Nic" Vansteenberghe
82%
7 Allen "Ace" Greene
76%
Anna Kurdys
76%
Elly Steffen
76%
Iris Kendall
76%
Jeremiah Brown
76%
Jeremiah White
76%
Kay Taylor
76%
Leah Kateb
76%
Michelle "Chelley" Bissainthe
76%
6 Aaron Evans
71%
2 Aaron Owen
71%
Amaya Espinal
71%
Chris Seeley
71%
Christian Longnecker
71%
JaNa Craig
71%
Kaylor Martin
71%
Kenny Rodriguez
71%
Olivia Kaiser
71%
Olivia "Liv" Walker
71%
Serena Page
71%
Vickala "Kay Kay" Gray
71%
Zachary "Zac" Woodworth
71%
Zac Mirabelli
71%
Zak Srakaew
71%
Cierra Ortega
65%
Courtney "Coco" Watson
65%
Hannah Fields
65%
Hannah Ortega
65%
Hannah Smith
65%
Hannah Wright
65%
Jose "Pepe" Garcia-Gonzalez
65%
Kendall Washington
65%
Miguel Harichi
65%
Sierra Mills
65%
Taylor Chemlka
65%
Taylor Smith
65%
Taylor Williams
65%
Thomas "TJ" Paloma
65%
Austin Shepard
59%
Bryan Arenales
59%
Charlie Georgiou
59%
Charlie Lynch
59%
Clarke Carraway
59%
Daniela Ortiz-Riveria
59%
De'Andre Heath
59%
Isabel Johnson
59%
Jalen Brown
59%
Kordell Beckham
59%
Alexandra Stewart
53%
Andre Brunelli
53%
Andreina Santos-Marte
53%
Bella Barbaro
53%
Cely Vasquez
53%
Elan Bibas
53%
Gracyn Blackmore
53%
Hakeem White
53%
Isabelle-Anne "Belle-A" Walker
53%
Jalen Noble
53%
Jalen Oliver
53%
Johnnie Garcia
53%
Johnny Middlebrooks
53%
Nicole Jacky
53%
Sydney Leighton
53%
Sydney Paight
53%
Yulissa Escobar
53%
Caine Bacon
47%
Carrington Rodriguez
47%
Cassidy Laudano
47%
Connor Newsum
47%
Connor Trott
47%
George Johnson
47%
Harrison Luna
47%
Jaden Duggar
47%
Leonardo Dionicio
47%
Robert "Rob" Rausch
47%
Savanna "Vanna" Einerson
47%
Andrea Carmona
41%
Coye Simmons
41%
Daia McGhee
41%
Emily Chavez
41%
Emily Salch
41%
George Vining
41%
Imani Wheeler
41%
JD Dodard
41%
Justine Ndiba
41%
Kassandra "Kassy" Castillo
41%
Sam Kornse
41%
Will Moncada
41%
Yamen Sanders
41%
Catherine Marshall
35%
Christen McAllister
35%
Courtney Boerner
35%
Destiny Davis
35%
Destiny Herzog
35%
Elizabeth Weber
35%
Isaiah Campbell
35%
Isaiah Harmison
35%
Isiah Harayda
35%
James McCool
35%
Jeff Christian
35%
Jesse Bray
35%
Josh Goldstein
35%
Katherine Gibson
35%
Katrina Dimaranan
35%
K-Ci Maultsby
35%
Kyra Green
35%
Kyra Lizama
35%
Marco Donatelli
35%
Michael Yi
35%
Ray Gantt
35%
Sher Suarez
35%
3 Aimee Flores
29%
5 Allie Ryan
29%
Bria Bryant
29%
Calvin Cobb
29%
Carmen Kocourek
29%
Carsten "Bergie" Bergersen
29%
Cashay Proudfoot
29%
Dasja Johnson
29%
Deb Chubb
29%
Dylan Curry
29%
Eddie Brown
29%
Ignacio Ferrari
29%
Jacobi Graham
29%
Kaitlynn Anderson
29%
Kamryn Mickens-Bennett
29%
Keenan Anunay
29%
Kenzo Nudo
29%
Mercades Schell
29%
Mike Jenkerson
29%
Mike Stark
29%
Noah Purvis
29%
Rachel Lundell
29%
Scott Van-Der-Sluis
29%
Timmy Pandolfi
29%
Tre Forte
29%
Tre Watson
29%
Tyler Radziszewski
29%
Victor Gonzalez
29%
Zeta Morrison
29%
Alana Morrison
24%
Alana Paolucci
24%
Andrew Phillips
24%
4 Andy Voyen
24%
Ashley Sims
24%
Bennett Sipes
24%
Bennie Bivens
24%
Caleb Corprew
24%
Caro Viehweg
24%
Cashel Barnett
24%
Cormac Murphy
24%
Eric Hall
24%
Faith Tyrell
24%
Felipe Gomes
24%
Genevieve Shawcross
24%
GiNiele Reitzell
24%
Jared Hassim
24%
Jered Youngblood
24%
Jeremy Hershberg
24%
Jonah Allman
24%
Jordan Morello
24%
Josiah Roebuck
24%
Julia Hall
24%
Kierstan Saulter
24%
Kyle Darden
24%
Kyle Fraser
24%
Lakeyn Call
24%
Laurel Goodman
24%
Lauren Coogan
24%
Mackenzie Dipman
24%
Madjha Day
24%
Mallory Santic
24%
Matia Marcantuoni
24%
Moira Tumas
24%
Valerie Bragg
24%
Wes Ogsbury
24%
Weston Richey
24%
Winston Hines
24%
1 Aissata Diallo
18%
Bailey Marshall
18%
Bryce Fins
18%
Chad Robinson
18%
Chanse Corbi
18%
Chazz Bryant
18%
Cinco Hollard Jr.
18%
Flo Mueller
18%
Florita Diaz
18%
Gabe Sadowsky
18%
Jasmine Sklavanitis
18%
Javonny Vega
18%
Joel Bierwert
18%
Kelsey Jurewicz
18%
Korey Gandy
18%
Lei-Yen Rapp
18%
Leslie Golden
18%
Marli Tyndall
18%
Najah Fleary
18%
Pat Albasha
18%
Phoebe Siegel
18%
Raul Frias
18%
Roxy Ahmad
18%
Sereniti Springs
18%
Shannon St. Clair
18%
Slade Parker
18%
Trina Njoroge
18%
Anton Morrow
12%
Avery Grooms
12%
Brandon Janse Van Vuuren
12%
Gabby Kiszka
12%
Mady Mclanahan
12%
Tigerlily Cooley
12%
No matching quizzes found
Score Distribution
Percent of People with Each Score
Percentile by Number Answered
Your Score History
You have not taken this quiz